[Event "45th Olympiad 2024"]
[Site "Budapest HUN"]
[Date "2024.09.11"]
[Round "1.61"]
[Board "3"]
[White "Mafnas, Peter"]
[Black "Ribera Veganzones, Serni"]
[Result "0-1"]
[WhiteElo "1886"]
[BlackElo "2309"]
[PlyCount "78"]
[EventDate "2024.09.11"]
[WhiteTeam "Guam"]
[BlackTeam "Andorra"]
[WhiteTeamCountry "GMA"]
[BlackTeamCountry "AND"]

1. c4 e6 2. Nc3 d5 3. d4 Nf6 4. e3 Be7 5. Nf3 O-O 6. Bd3 a6 7. O-O dxc4 8. Bxc4 b5 9. Bd3 Bb7 10. a3 c5 11. dxc5 Bxc5 12. b4 Be7 13. Bb2 Nbd7 14. Rc1 Rc8 15. e4 $146 ({RR} 15. Be2 Nb6 16. Qxd8 Rfxd8 17. Rfd1 Nc4 18. Rxd8+ Bxd8 19. Bxc4 Rxc4 20. Ne5 Rc8 21. Ne2 Bc7 22. Nd3 Nd7 23. f4 f6 24. Nd4 Bb6 25. Rxc8+ Bxc8 26. Kf2 Kf7 27. Nb3 Bc7 28. Ndc5 Nb6 29. Na5 Nd5 {½-½ Barreto Junior,W (2155)-Reis,P (2379) Bahia-ch final 2018 (5)}) ({RR} 15. Ne2 Nb6 16. Bd4 Nc4 17. Bxc4 bxc4 18. Ne5 a5 19. Nf4 axb4 20. axb4 Bd6 21. b5 Qe7 22. Rxc4 Rxc4 23. Nxc4 e5 24. Bb6 Bb8 25. Nd3 Qe6 26. Ndb2 Bd5 27. Qa4 Bxc4 28. Nxc4 Rc8 29. Rd1 Nd7 {0-1 Aliev,K (2325)-Haba,P (2526) Pardubice op-A 2005 (4)}) ({RR} 15. Qe2 Bxf3 16. Qxf3 Ne5 17. Bxh7+ Nxh7 18. Qb7 Nc4 19. Ba1 Nxa3 20. Qxa6 Bxb4 21. Nxb5 Nxb5 22. Qxb5 Qa5 23. Qe2 Bc3 24. Qc2 Bxa1 25. Qxc8 Rxc8 26. Rxc8+ Nf8 27. g3 Qa6 28. Rfc1 Bb2 29. R1c2 Bf6 {0-1 Ioan,D (1587)-Cirlig,I (1580) ROM-ch U14 Girls 2010 (3)}) 15... Nb6 16. Qe2 Nc4 17. Rfd1 Nxb2 18. Qxb2 Qb6 19. Qe2 Rfd8 20. Nd2 Nd7 21. e5 Qd4 22. Nb3 Qxe5 23. Ne4 Bd5 24. f4 Qxf4 25. Rf1 Rxc1 26. Nxc1 Qe5 27. Qc2 f5 28. Ng3 Nf6 29. Nce2 Ng4 30. Nf4 Ne3 31. Qe2 Qd4 32. Qf2 Bg5 33. Nge2 Qe5 34. Re1 Nxg2 35. Nxg2 Bxg2 36. Qxg2 Bd2 37. Rd1 Rxd3 38. Kf1 Qd5 39. Qxd5 Rxd5 0-1

[Event "45th Olympiad 2024"]
[Site "Budapest HUN"]
[Date "2024.09.11"]
[Round "1.62"]
[Board "1"]
[White "Romanov, Evgeny"]
[Black "Tchouka, Yakini"]
[Result "1-0"]
[WhiteElo "2567"]
[BlackElo "1932"]
[PlyCount "95"]
[EventDate "2024.09.11"]
[WhiteTeam "North Macedonia"]
[BlackTeam "Togo"]
[BlackTeamCountry "TOG"]

1. c4 e6 2. g3 Nf6 3. Bg2 d5 4. Nf3 Be7 5. O-O O-O 6. d4 Nbd7 7. Qc2 c6 8. Nc3 b6 9. Nd2 ({RR} 9. e4 Ba6 10. b3 Rc8 11. Rd1 dxc4 12. Bf4 b5 13. bxc4 bxc4 14. d5 cxd5 15. exd5 Bb4 16. dxe6 fxe6 17. Ng5 Qe7 18. Bh3 Rc6 19. Nce4 Nb6 20. a3 Bc5 21. Nxc5 Qxc5 22. Nxe6 Qh5 23. Nxf8 Qxh3 {½-½ Ashley,M (2460)-Bezold,M (2495) New York Marshall 1995 (2)}) ({RR} 9. Bf4 Bb7 10. e4 dxc4 11. h4 h6 12. Rad1 Re8 13. Rfe1 b5 14. Qc1 Bf8 15. Bh3 b4 16. Nb1 c5 17. dxc5 Bxc5 18. Ne5 Qe7 19. Nxd7 Nxd7 20. Qxc4 Nb6 21. Qe2 e5 22. Bc1 Rad8 23. Nd2 Nc8 {½-½ Colmenares,A (2320)-Renet,O (2428) TCh-SUI 2024 (4.5)}) 9... Bb7 10. e4 dxc4 11. Nxc4 Ba6 $146 ({RR} 11... b5 12. Ne3 Rc8 13. Rd1 Qb6 14. b3 Rfd8 15. Bb2 a5 16. Rac1 Nf8 17. h4 Rd7 18. a3 Rcd8 19. e5 Ne8 20. Ne4 f5 21. Nc5 Bxc5 22. Qxc5 Qxc5 23. Rxc5 Rc7 24. Rdc1 Nd7 25. R5c2 Rdc8 26. Bc3 {1-0 Brychta,D (2115)-Snorek,M (2195) Ceske Budejovice op 2000 (5)}) 12. Ne2 c5 13. d5 exd5 14. exd5 Bxc4 15. Qxc4 Bd6 16. Qa6 Qc8 17. Qa4 Re8 18. Nc3 a6 19. Qc6 Qb8 20. Bg5 Rc8 21. Qa4 b5 22. Qc2 Re8 23. a4 b4 24. Nd1 h6 25. Bxf6 Nxf6 26. a5 Ra7 27. Ne3 Rae7 28. Nc4 b3 29. Qd3 Ng4 30. Ra3 Ne5 31. Nxe5 Bxe5 32. Rxb3 Qd8 33. Qxa6 Bd4 34. Qb6 Qd7 35. Qc6 Qa7 36. d6 Re1 37. Qc7 Qa6 38. Rf3 Rxf1+ 39. Bxf1 Re1 40. Qxf7+ Kh8 41. Qe8+ Rxe8 42. Bxa6 Rd8 43. Bd3 Bf6 44. a6 c4 45. Bxc4 Rxd6 46. a7 Rd1+ 47. Kg2 Ra1 48. Ra3 1-0

[Event "45th Olympiad 2024"]
[Site "Budapest HUN"]
[Date "2024.09.11"]
[Round "1.62"]
[Board "4"]
[White "Semeko, Lumen Paco"]
[Black "Risteski, Emil"]
[Result "0-1"]
[WhiteElo "1740"]
[BlackElo "2367"]
[PlyCount "68"]
[EventDate "2024.09.11"]
[WhiteTeam "Togo"]
[BlackTeam "North Macedonia"]
[WhiteTeamCountry "TOG"]

1. Nf3 Nf6 2. b3 d5 3. Bb2 e6 4. e3 Bd6 5. d4 O-O 6. Bd3 b6 7. Nbd2 c5 ({RR} 7... Bb7 8. c4 Nbd7 9. a4 a5 10. O-O Qe7 11. Ne5 c5 12. Nxd7 Nxd7 13. cxd5 exd5 14. dxc5 bxc5 15. Re1 Nf6 16. Qc2 h6 17. e4 d4 18. e5 Ng4 19. exd6 Qh4 20. Nf1 {1-0 Nakamura,H (2750)-Oparin,G (2674) Titled Tuesday intern op 19th Apr Early blitz 2022 (4)}) ({RR} 7... Bb7 8. O-O c5 9. Ne5 Nc6 10. Nxc6 Bxc6 11. Qe2 Rc8 12. h3 cxd4 13. exd4 h6 14. a4 Qe7 15. Rfc1 a5 16. Nb1 Ne4 17. Ba3 Bxa3 18. Nxa3 f5 19. f3 Nd6 20. Re1 Bd7 21. Nb5 Bxb5 22. axb5 {0-1 Senel,H (2084)-Villa Tornero,A (2241) 32nd EY Open U14 2024 (9.14)}) 8. c4 cxd4 9. exd4 Bb7 $146 ({RR} 9... dxc4 10. bxc4 Bb7 11. O-O Nbd7 12. Re1 Re8 13. Qc2 Nf8 14. Ne4 Nxe4 15. Bxe4 Bxe4 16. Rxe4 Ng6 17. Rae1 Qd7 18. d5 exd5 19. cxd5 Rxe4 20. Qxe4 Kf8 21. h3 f6 22. Nd4 Re8 23. Ne6+ Kf7 24. Qf5 {0-1 Romczik,D (2170)-Schmitz,M (2042) Bad Woerishofen op 15th 1999 (7)}) 10. O-O Nc6 11. Ne5 dxc4 12. Ndxc4 Be7 13. Rc1 Rc8 14. Nxc6 Rxc6 15. Be2 Nd5 16. a3 Bg5 17. Rc2 Qc7 18. Bd3 b5 19. Ne5 Rxc2 20. Bxc2 Nf4 21. f3 Rc8 22. Be4 Bxe4 23. fxe4 Qc2 24. Qxc2 Rxc2 25. Ba1 f6 26. Nf3 Rxg2+ 27. Kh1 Re2 28. Nxg5 fxg5 29. h4 gxh4 30. Rxf4 Re1+ 31. Kg2 Rxa1 32. d5 exd5 33. exd5 Rd1 34. Rf5 Rd3 0-1

[Event "45th Olympiad 2024"]
[Site "Budapest HUN"]
[Date "2024.09.11"]
[Round "1.63"]
[Board "1"]
[White "AH KYE, Benitot"]
[Black "Chinguun, Sumiya"]
[Result "0-1"]
[WhiteElo "1815"]
[BlackElo "2389"]
[PlyCount "54"]
[EventDate "2024.09.11"]
[WhiteTeam "Mauritius"]
[BlackTeam "Mongolia"]
[WhiteTeamCountry "MRI"]
[BlackTeamCountry "MGL"]

1. e4 {Tyomkin,Dimitri} c5 2. Nf3 d6 3. d4 cxd4 4. Nxd4 Nf6 5. Nc3 a6 6. f3 e5 7. Nb3 Be6 8. Be3 Be7 9. g4 Nbd7 10. Qd2 b5 11. g5 Nh5 12. Rg1 ({RR} 12. O-O-O Nb6 ({RR} 12... Rc8 13. Nd5 Bxd5 14. exd5 Nb6 15. Na5 Nxd5 16. Qxd5 Qxa5 17. Bh3 Rc4 ({RR} 17... Rb8 18. Bg4 g6 19. Bxh5 gxh5 20. f4) 18. Bg4 ({RR} 18. Bf1) 18... O-O ({RR} 18... Nf4 19. Bxf4 Rxf4 20. Qc6+ Kf8 21. Rxd6) ({RR} 18... g6 19. Bxh5 gxh5 20. Kb1 O-O 21. Rhg1 Kh8 22. f4) 19. Bxh5 Qxa2 20. Bg4 Qa1+ 21. Kd2 Qxb2 22. Ke2 ({RR} 22. Rc1 Bxg5)) ({RR} 12... O-O 13. Nd5 ({RR} 13. Rg1) 13... Bxd5 14. exd5 f5 ({RR} 14... Nb6 15. Na5 Nxd5 16. Nc6 Nxe3 17. Nxd8) 15. gxf6 Rxf6 16. Na5 Nf4 17. Rg1 Qf8 18. Nc6 Bd8 19. Qf2 ({RR} 19. Bxf4 Rxf4 20. Bh3 Nc5 21. Be6+ Kh8) 19... Qf7 20. Rg3 Rh6 21. Qg1 Bh4 22. Rg4 Nf6 23. Bxf4 exf4 ({RR} 23... Nxg4 24. Bxh6 Nxh6 25. Rd3 ({RR} 25. Bh3 Qxf3 26. Be6+ Kh8) 25... Rf8 26. Bh3 Qf4+) 24. Rxf4 Rg6 25. Qe3 Re8 ({RR} 25... Nxd5 26. Rxd5 Qxd5 27. Bd3 Qxc6 28. Rxh4) ({RR} 25... Bg5 26. Ne7+) 26. Nd8 ({RR} 26. Qd2 Bg5) 26... Nxd5 27. Rxd5) 13. Kb1 O-O 14. Nd5 ({RR} 14. h4 Nc4 ({RR} 14... Ng3 15. Rg1 Nxf1 16. Rgxf1 Nc4 17. Qd3 Nxe3 18. Qxe3 f6 19. f4) 15. Bxc4 bxc4 16. Nc1 Qc7 17. N1e2 Rfb8 18. Qe1 Rb7 19. Bc1 Rab8 20. Nd5 Bxd5 21. Rxd5 Qc6 ({RR} 21... Qb6) 22. Qc3 Bd8 23. Rhd1 Bc7 24. f4 Nxf4 25. Nxf4 exf4 26. b3) 14... Bxd5 ({RR} 14... Nxd5 15. exd5 Bd7 16. Na5 Qc7 ({RR} 16... Nf4 17. Bxf4 exf4 18. Rg1) 17. Bd3 Bd8 ({RR} 17... Rfc8 18. Be4 Bf8 19. Rhg1 g6 20. Nc6 a5 21. c3 Qb7 22. Rc1 Be8 23. h4 b4 24. c4 Rxc6 25. dxc6 Bxc6 26. Bxc6 Qxc6 27. Qd5) 18. Nc6 f5 19. gxf6 Nxf6 20. Nxd8 Raxd8 21. Rhg1 Kh8 22. Qf2 Qc8 23. Rg5 e4 24. fxe4 h6 ({RR} 24... Nxd5) 25. Qh4 Rde8 26. Rdg1 Re7 27. Bd4 Qd8 28. Rg6) 15. exd5 Qc7 ({RR} 15... Rc8 16. Na5 Nxd5 17. Nb7 Nc3+ 18. bxc3 Qc7 19. Qd5 Qxc3 20. Qe4 ({RR} 20. Bd3 Qb4+ 21. Kc1 ({RR} 21. Qb3 d5 22. Bf5 Rc7 23. Bg4 g6) 21... Qa3+ 22. Kd2 Rc7) 20... d5 21. Qd3 ({RR} 21. Rxd5 Ba3 22. Bc1 Bxc1 23. Kxc1 f5) 21... Qb4+ 22. Qb3 Rc7 23. Qxb4 ({RR} 23. Rxd5 Qe1+) 23... Bxb4 24. a3 ({RR} 24. Rxd5 Rxb7 25. Rxe5) 24... Bxa3 25. Na5 Rc3 ({RR} 25... d4 26. Bd2) 26. Bd3 Bb4 27. Nb3 e4 28. Bd2) 16. Na5 Nxd5 17. Qxd5 Qxa5 18. f4 ({RR} 18. Bd3 g6 ({RR} 18... Rae8) 19. f4 exf4 20. Bd4 ({RR} 20. Bd2 Qc7 21. Be2 Rac8)) 18... Nxf4 19. Bxf4 exf4 20. Bd3 Rae8 ({RR} 20... Qb4 21. c3 Qa4 22. b3) ({RR} 20... g6 21. h4 {RR} Qb4 22. h5 Qc5 23. Qb3 ({RR} 23. Qf3 Bxg5 24. hxg6 hxg6 25. Qh3 Kg7) 23... d5 24. hxg6 hxg6 25. Bxg6 fxg6 26. Qh3) 21. h4 Bd8 ({RR} 21... Qb4 22. h5 Qc5 23. Qe4 g6 24. hxg6 hxg6 25. Qxf4 Qe5 ({RR} 25... Kg7 26. Rh7+) 26. Qh4 Qg7 27. Rd2) 22. Qf5 ({RR} 22. h5 Re5 23. Qxd6 Rfe8 ({RR} 23... Qc7 24. Bxh7+) ({RR} 23... Rxg5 24. Bxh7+) 24. g6 fxg6 25. hxg6 h6) 22... g6 23. Qxf4 Re5 24. c3 Qb6 25. Bc2 Qc6 {½-½ Shirov,A (2685)-Gelfand,B (2665) Koop Tjuchem 1996 (6)} {RR} 26. Bb3 ({RR} 26. h5 Bxg5 27. Qh2 gxh5 28. Qxh5 h6) 26... a5 27. Rhf1 Rf5) 12... Rc8 ({RR} 12... Nb6 13. Na5 Qc7 14. O-O-O Rb8 15. Nd5 Nxd5 16. exd5 Bd7 17. Qb4 O-O 18. Bd3 Rfc8 19. Nb3 g6 20. f4 exf4 21. Bxf4 a5 22. Qd2 a4 23. Nd4 Nxf4 24. Qxf4 a3 25. Rdf1 axb2+ 26. Kb1 Rf8 27. Nb3 {1-0 Rindhiya,V (1918)-Swara Lakshmi S Nair (1601) Asian Junior Girls 2023 (2.4)}) 13. O-O-O O-O 14. h4 $146 ({RR} 14. Qf2 Qc7 15. Nd5 Bxd5 16. exd5 f5 17. gxf6 Ndxf6 18. Bh3 Nd7 19. Qg2 g6 20. Be6+ Kg7 21. Qd2 Nf4 22. Rg4 h5 23. Rgg1 Rf6 24. Bxf4 Rxf4 25. Qg2 g5 26. Rd3 Rc4 27. c3 Kh6 28. Qh3 Rh4 {1-0 Nevednichy,V (2495)-Stefanov,P (2355) Bucharest2 1993 (2)}) 14... Nb6 15. Na5 Qc7 16. a3 d5 17. Bxb6 Qxb6 18. exd5 Bc5 19. Nc4 bxc4 20. Na4 c3 21. Nxb6 cxd2+ 22. Kb1 Bxb6 23. dxe6 Bxg1 24. e7 Rfe8 25. Bh3 Rc4 26. Rxg1 e4 27. fxe4 Rxe4 0-1

[Event "45th Olympiad 2024"]
[Site "Budapest HUN"]
[Date "2024.09.11"]
[Round "1.63"]
[Board "2"]
[White "Baasansuren, Erdene"]
[Black "Lam Kin Cheung, Stephane"]
[Result "1-0"]
[WhiteElo "2368"]
[BlackElo "1677"]
[PlyCount "75"]
[EventDate "2024.09.11"]
[WhiteTeam "Mongolia"]
[BlackTeam "Mauritius"]
[WhiteTeamCountry "MGL"]
[BlackTeamCountry "MRI"]

1. Nf3 c5 2. c4 g6 3. g3 Bg7 4. Bg2 Nf6 5. O-O O-O 6. Nc3 Nc6 7. b3 d6 8. Bb2 e5 9. d3 h6 10. Nd2 Be6 11. Nde4 ({RR} 11. Rc1 Qd7 12. a3 Rac8 13. Nd5 b6 14. Bc3 Bg4 15. Nxf6+ Bxf6 16. Ne4 Bg7 17. Bd2 f5 18. Nc3 f4 19. Bd5+ Kh8 20. f3 Bh3 21. Rf2 Ne7 22. Be4 Nf5 23. gxf4 exf4 24. Bxf4 Bd4 25. Nd5 Qg7 {0-1 Duda,J (2743)-Radjabov,T (2765) Skilling op Prelim rapid 2020 (8)}) 11... a6 ({RR} 11... Ne8 12. Nd5 Ne7 13. Nxe7+ Qxe7 14. a3 Rb8 15. b4 b6 16. Qd2 f5 17. Nc3 Nf6 18. Rab1 h5 19. bxc5 dxc5 20. e4 h4 21. Nd5 Nxd5 22. exd5 Bd7 23. f4 hxg3 24. hxg3 exf4 25. Rbe1 Qd6 26. Bxg7 {1-0 Aronyak,G (2545)-Nithin,B (2102) 14th Chennai Open 2023-24 (6.6)}) 12. Nxf6+ $146 ({RR} 12. a3 Rb8 13. Rb1 Nxe4 14. dxe4 b5 15. Nd5 Qd7 16. e3 h5 17. f4 bxc4 18. bxc4 Bxd5 19. exd5 Ne7 20. f5 Nxf5 21. Bh3 e4 22. Bxg7 Rxb1 23. Qxb1 Kxg7 24. Qb2+ f6 25. Qb6 Rf7 26. Qxa6 Qa7 {0-1 Spata,G (2376)-Timofeev,A (2567) Titled Tue 18th Jul Early 2023 (6)}) 12... Bxf6 13. e3 Qd7 14. Nd5 Bxd5 15. Bxd5 Ne7 16. Bg2 Bg7 17. a3 Rab8 18. b4 b5 19. Bc3 f5 20. cxb5 axb5 21. Qb3+ Kh7 22. Rfc1 g5 23. Bb2 Rfc8 24. Rab1 Ng6 25. Bd5 f4 26. Be6 Qb7 27. Bxc8 Rxc8 28. Qd1 Qf7 29. bxc5 dxc5 30. Qf3 Qe6 31. Qe4 Qg4 32. Ba1 h5 33. Rxb5 Kh6 34. Rb6 Kh7 35. Qxg6+ Kh8 36. Rb7 Rg8 37. Bxe5 f3 38. Qh6# 1-0

[Event "45th Olympiad 2024"]
[Site "Budapest HUN"]
[Date "2024.09.11"]
[Round "1.63"]
[Board "3"]
[White "Lee Luen Mang, Stefan"]
[Black "Munkhdalai, Amilal"]
[Result "0-1"]
[WhiteElo "1803"]
[BlackElo "2374"]
[PlyCount "52"]
[EventDate "2024.09.11"]
[WhiteTeam "Mauritius"]
[BlackTeam "Mongolia"]
[WhiteTeamCountry "MRI"]
[BlackTeamCountry "MGL"]

1. e4 {Caruana,Fabiano} c5 2. Nf3 Nc6 3. Bb5 e6 4. O-O Nge7 5. d4 cxd4 6. Nxd4 Qb6 ({RR} 6... Ng6) 7. Nxc6 Qxb5 ({RR} 7... bxc6 8. Bd3 Ng6 9. c4 Be7 10. Nc3 O-O 11. Rb1 Qc7 12. Be3 ({RR} 12. f4 d5 13. cxd5 cxd5 14. exd5 exd5 15. Nxd5 Qc5+ 16. Ne3 Bb7) 12... e5 ({RR} 12... Nf4 13. Bc2 e5) 13. g3 d6 ({RR} 13... Rb8 14. c5 d6 15. cxd6 Bxd6 16. Qa4) 14. b4 Be6 ({RR} 14... a6 15. a4) 15. Qd2 Rac8 16. b5 Bd8 17. Rfc1 Qd7 18. bxc6 Rxc6 19. Nd5 Bb6 ({RR} 19... Ne7 20. c5 Nxd5 21. exd5 Bxd5 22. Bxh7+ ({RR} 22. Bb5 Bf3 23. Bxc6 Qxc6 24. cxd6 Qd7 25. Qd3) 22... Kxh7 23. Qxd5) ({RR} 19... f5 20. exf5 Bxf5 21. Rb8 e4 22. Be2 Ne5 23. Rcb1) 20. Nxb6 axb6 21. Bxb6 Ra8 22. Bf1 {1-0 Caruana,F (2779)-Gelfand,B (2764) Paris FIDE GP 2013 (8)}) 8. Nd4 Qb6 9. Nc3 a6 10. b3 $146 ({RR} 10. Be3 Qd8 11. a4 Nc6 12. Nb3 Bb4 13. Bc5 Bxc5 14. Nxc5 d6 15. Nb3 O-O 16. a5 Qc7 17. f4 b5 18. axb6 Qxb6+ 19. Kh1 Rd8 20. Rf3 Ne7 21. Rh3 Ng6 22. Qh5 Nf8 23. Rf1 a5 24. f5 f6 {1-0 De las Heras,J (2325)-Sarlo,M Mar del Plata op 1992 (7)}) ({RR} 10. Be3 Qa5 11. Qd2 Nc6 12. Rad1 Bb4 13. Nxc6 bxc6 14. Bd4 O-O 15. a3 Bxc3 16. Bxc3 Qh5 17. f4 f5 18. exf5 Qxf5 19. Rf3 Rf7 20. Rg3 a5 21. Qd4 e5 22. fxe5 Ba6 23. h3 Qe6 24. Qd6 Bc4 {1-0 Aarav Sinha (2300)-Pinheiro,I (2270) Titled Tue 18th Jun Early 2024 (2)}) 10... Nc6 11. Be3 Qc7 12. f4 b5 13. Qe1 Bb7 14. Rf2 Rc8 15. Nde2 Ba3 16. e5 Ne7 17. Bd2 Bc5 18. Kh1 Bxf2 19. Qxf2 d6 20. exd6 Qxd6 21. Rd1 O-O 22. Be3 Qc6 23. Rc1 Nf5 24. Nd1 Nh4 25. Nd4 Qe4 26. c3 Nxg2 0-1

[Event "45th Olympiad 2024"]
[Site "Budapest HUN"]
[Date "2024.09.11"]
[Round "1.63"]
[Board "4"]
[White "Itgelt, Khuyagtsogt"]
[Black "Naipal, Hoolan"]
[Result "1-0"]
[WhiteElo "2412"]
[BlackElo "1851"]
[PlyCount "79"]
[EventDate "2024.09.11"]
[WhiteTeam "Mongolia"]
[BlackTeam "Mauritius"]
[WhiteTeamCountry "MGL"]
[BlackTeamCountry "MRI"]

1. d4 Nf6 2. c4 e6 3. g3 d5 4. Bg2 Be7 5. Nf3 O-O 6. O-O dxc4 7. Qc2 a6 8. a4 Bd7 9. Qxc4 Bc6 10. Bg5 Bd5 11. Qc2 Be4 12. Qc1 Nbd7 13. Nc3 Bc6 14. Rd1 ({RR} 14. Qc2 Bb4 15. Rfe1 Bxf3 16. Bxf3 c6 17. Red1 Qa5 18. Na2 Bd6 19. Bd2 Qc7 20. Bg2 a5 21. Rac1 Rfd8 22. h3 Bf8 23. e4 e5 24. Be3 exd4 25. Bxd4 h5 26. Qc3 Re8 27. Re1 Nh7 28. e5 Ng5 {½-½ Tkachiev,V (2645)-Almasi,Z (2650) EU-Cup 14th Group5 1998 (2)}) 14... Nd5 15. h4 $146 ({RR} 15. Bxe7 Qxe7 16. a5 Rfd8 17. Nd2 Nxc3 18. bxc3 Bxg2 19. Kxg2 c5 20. Qb2 cxd4 21. cxd4 Nf6 22. Rab1 Rab8 23. e3 Rd5 24. Qb6 h6 25. Nc4 Rdd8 26. Ne5 Nd5 27. Qb3 Qc7 28. Rdc1 Qxa5 29. Rc5 Qd2 {1-0 Schnaider,I (2395)-Paragua,M (2041) Titled Tue 18th Jun Early 2024 (9)}) 15... Bxg5 16. hxg5 Qe7 17. Nxd5 exd5 18. Qc2 Rae8 19. e3 g6 20. Rab1 a5 21. Qc3 Ra8 22. b3 f6 23. gxf6 Qxf6 24. Rb2 Qf5 25. Rc1 Rf7 26. Qc2 Qxc2 27. Rbxc2 Raf8 28. Ng5 Re7 29. Nh3 Rf6 30. Nf4 Rd6 31. Nd3 Kg7 32. b4 Bxa4 33. Rxc7 axb4 34. Nxb4 Bc6 35. Nxc6 bxc6 36. R1xc6 Rxc6 37. Rxc6 Nf6 38. Rd6 Ra7 39. Bxd5 Nxd5 40. Rxd5 1-0

[Event "45th Olympiad 2024"]
[Site "Budapest HUN"]
[Date "2024.09.11"]
[Round "1.64"]
[Board "1"]
[White "Murphy, Conor E"]
[Black "Kumar, Manoj"]
[Result "1-0"]
[WhiteElo "2453"]
[BlackElo "1951"]
[PlyCount "97"]
[EventDate "2024.09.11"]
[WhiteTeam "Ireland"]
[BlackTeam "Fiji"]
[WhiteTeamCountry "IRL"]
[BlackTeamCountry "FIJ"]

1. e4 e5 2. Nf3 Nc6 3. Bc4 Bc5 4. O-O Nf6 5. d3 d6 6. c3 a6 7. a4 Ba7 8. Re1 h6 9. Nbd2 O-O 10. h3 Re8 11. b4 Be6 12. Bxe6 Rxe6 13. Qc2 b5 ({RR} 13... Qd7 14. Nf1 Ne7 15. Ng3 Ng6 16. c4 Rae8 17. a5 c6 18. Be3 Bb8 19. Nd2 Nf4 20. Nb3 N6h5 21. Nxh5 Nxh5 22. Qd1 Nf4 23. Bxf4 exf4 24. Nd4 Re5 25. Qd2 d5 26. exd5 cxd5 27. c5 g5 28. Nf3 {0-1 Karjakin,S (2781)-Mamedyarov,S (2800) Paris GCT Rapid 2017 (3)}) 14. Nb3 $146 ({RR} 14. axb5 axb5 15. Ra2 d5 16. exd5 Nxd5 17. Ba3 Nf4 18. d4 exd4 19. Rxe6 Nxe6 20. c4 d3 21. Qb1 bxc4 22. Nxc4 Nf4 23. b5 Nd4 24. Nce5 Nde2+ 25. Kf1 Qd5 26. Nc6 Bc5 {0-1 Parfenov,V (2193)-Chitre Arush (2235) Titled Tue 9th Jul Early 2024 (4)}) 14... Bb6 15. Bd2 Rb8 16. c4 Nd4 17. Nfxd4 Bxd4 18. Nxd4 exd4 19. axb5 axb5 20. cxb5 Rxb5 21. Qc4 Rb8 22. Qxd4 c5 23. bxc5 dxc5 24. Qc4 Qd4 25. Qxd4 cxd4 26. Ra4 Nd7 27. Rxd4 Nc5 28. Rd5 Nb3 29. Be3 Ra6 30. Rb1 Ra1 31. Rxa1 Nxa1 32. Rc5 Nb3 33. Rc3 Kf8 34. g4 Ke7 35. h4 Rb7 36. Kg2 Ke6 37. h5 Na5 38. f4 Kd7 39. Kf3 Nc6 40. d4 Rb1 41. Ra3 Rb7 42. d5 Ne7 43. Ra7 Rxa7 44. Bxa7 Kd6 45. Ke3 Nc8 46. Bd4 f6 47. Kd3 Ne7 48. Kc4 Kd7 49. Bc5 1-0

[Event "45th Olympiad 2024"]
[Site "Budapest HUN"]
[Date "2024.09.11"]
[Round "1.65"]
[Board "1"]
[White "Khalema, Sechaba"]
[Black "Mohammad Fahad, Rahman"]
[Result "0-1"]
[WhiteElo "1779"]
[BlackElo "2419"]
[PlyCount "40"]
[EventDate "2024.09.11"]
[WhiteTeam "Lesotho"]
[BlackTeam "Bangladesh"]
[WhiteTeamCountry "LES"]
[BlackTeamCountry "BAN"]

1. d4 Nf6 2. c4 e6 3. Nf3 d5 4. Nc3 Bb4 5. cxd5 exd5 6. Bg5 h6 7. Bf4 ({RR} 7. Bd2 c6 8. Qc2 O-O 9. e3 Re8 10. Bd3 Qe7 11. Rc1 Nbd7 12. O-O Bd6 13. Nh4 Nb6 14. Nf5 Bxf5 15. Bxf5 Nc4 16. Be1 g6 17. Bh3 Nh7 18. g3 f5 19. Bg2 Nf6 20. a4 a5 21. b3 Nb6 {½-½ Radjabov,T (2751)-Palac,M (2583) Olympiad-38 Dresden 2008 (8)}) 7... Ne4 ({RR} 7... O-O 8. e3 c5 9. Bd3 Nc6 10. dxc5 Bxc5 11. O-O Be6 12. Rc1 Nh5 13. Na4 Be7 14. Bg3 Nxg3 15. hxg3 Bf6 16. Bb1 Qd6 17. Nc5 Qe7 18. Nxe6 Qxe6 19. Qb3 Na5 20. Qd3 g6 21. b3 Rad8 22. Rfd1 {0-1 Mashchenko,T (1970)-Rodriguez Redondo,A (2152) 24th ch-EUR Indiv w 2024 (9.66)}) 8. Qb3 $146 ({RR} 8. Rc1 c5 9. dxc5 Nc6 10. Bd2 Nxd2 11. Nxd2 O-O 12. a3 Bxc3 13. Rxc3 d4 14. Rc1 Re8 15. Nc4 b6 16. e3 bxc5 17. Be2 Ne5 18. Nxe5 Rxe5 19. exd4 cxd4 20. O-O Be6 21. Bd3 a5 22. Re1 Qd6 {1-0 Moranda,W (2348)-Kislov,O (2227) EU-ch U16 Urgup 2004 (9)}) ({RR} 8. Rc1 c5 9. a3 Bxc3+ 10. bxc3 c4 11. Nd2 Bf5 12. f3 Nxd2 13. Qxd2 O-O 14. e4 Qe7 15. Be2 dxe4 16. O-O Nd7 17. fxe4 Bxe4 18. Bxc4 Nb6 19. Ba2 Kh7 20. c4 f5 21. c5 Nc8 22. d5 Rd8 {1-0 Voiska,M (2345)-Inkiov,V (2450) Chania op 2nd 1992 (2)}) 8... c5 9. Bxb8 Rxb8 10. dxc5 Qa5 11. Rc1 Nxc5 12. Qc2 Qxa2 13. e3 O-O 14. Nd2 Bxc3 15. Qxc3 Na4 16. Qc7 Bf5 17. Qa5 Qxb2 18. Rd1 Bc2 19. Be2 Bxd1 20. Bxd1 Nc3 0-1

[Event "45th Olympiad 2024"]
[Site "Budapest HUN"]
[Date "2024.09.11"]
[Round "1.65"]
[Board "2"]
[White "Manon, Reja Neer"]
[Black "Thabang, Mphane"]
[Result "1-0"]
[WhiteElo "2417"]
[BlackElo "1799"]
[PlyCount "63"]
[EventDate "2024.09.11"]
[WhiteTeam "Bangladesh"]
[BlackTeam "Lesotho"]
[WhiteTeamCountry "BAN"]
[BlackTeamCountry "LES"]

1. e4 Nf6 2. e5 Nd5 3. d4 d6 4. Nf3 Bg4 5. Be2 Nc6 6. c4 Nb6 7. exd6 cxd6 8. b3 g6 ({RR} 8... e5 9. d5 Ne7 10. O-O g6 11. h3 Bxf3 12. Bxf3 Bg7 13. Bb2 O-O 14. Nd2 f5 15. Be2 Rc8 16. a4 Nd7 17. Nf3 h6 18. b4 Qb6 19. Qd2 Nf6 20. a5 Qd8 21. Ne1 Ne4 22. Qe3 b6 23. Bd3 {1-0 Matura,M (1618)-Ramirez Esqueda,E (1931) Pan American Intercollegiate-chT rapid 2021 (2)}) 9. Bb2 Bg7 10. Qd2 ({RR} 10. Nbd2 d5 11. c5 Nd7 12. Rc1 O-O 13. O-O b6 14. cxb6 Qxb6 15. Ne5 Ndxe5 16. dxe5 Bf5 17. Nf3 Be4 18. Re1 Rfc8 19. Qd2 Bxf3 20. Bxf3 e6 21. g3 Rc7 22. Kg2 Rac8 23. Ra1 Nb4 24. Bd4 Qb7 {0-1 Diogo,V (2230)-Fernandes,A (2375) POR-ch Lisbon 2015 (3)}) 10... d5 $146 ({RR} 10... O-O 11. O-O Rc8 12. d5 Bxf3 13. Bxf3 Ne5 14. Be2 Rc5 15. f4 Ned7 16. Bxg7 Kxg7 17. Nc3 Nf6 18. f5 Nbd7 19. Nb5 a6 20. Nd4 Ne5 21. h3 Qb6 22. Kh2 Rfc8 23. Nf3 Nxf3+ 24. Rxf3 Qd8 25. Re1 {1-0 Konstantinova,V-Richterova,J (1437) EU-ch U10 Girls 23rd 2013 (7)}) ({RR} 10... Bxf3 11. Bxf3 d5 12. c5 Nc8 13. b4 e6 14. b5 N6e7 15. O-O O-O 16. g3 Nf5 17. Bg2 Qf6 18. Rd1 Nce7 19. f4 Rfe8 20. a4 a6 21. Na3 axb5 22. axb5 Ra4 23. Nc2 Rea8 24. Rxa4 Rxa4 25. Ra1 {1-0 Bruned,B (2227)-Gineys,P Metz op 26th 2008 (3)}) 11. c5 Nd7 12. h3 Bf5 13. O-O O-O 14. b4 a6 15. a4 a5 16. b5 Nb4 17. Na3 Nf6 18. Qe3 Ne4 19. Ne5 Rc8 20. g4 Be6 21. f4 f5 22. g5 Bd7 23. h4 Be8 24. Rab1 h6 25. Nd3 hxg5 26. hxg5 Nxd3 27. Bxd3 Bd7 28. Kg2 Kf7 29. Rh1 e5 30. Bxe4 dxe4 31. Nc4 Be6 32. Nd6+ 1-0